Normal view
MARC view
Entry Personal Name
001 - CONTROL NUMBER
- control field: 551779
003 - CONTROL NUMBER IDENTIFIER
- control field: OSt
005 - DATE AND TIME OF LATEST TRANSACTION
- control field: 20220930093347.0
008 - FIXED-LENGTH DATA ELEMENTS
- fixed length control field: 220930|| aca||aabn | a|a d
040 ## - CATALOGING SOURCE
- Original cataloging agency: OSt
- Transcribing agency: OSt
100 ## - HEADING--PERSONAL NAME
- Personal name: Saini Vikas Au
670 ## - SOURCE DATA FOUND
- Source citation: Work cat.: (OSt)885283: Saini Vikas Au., Evaluation of the anticancer activity of novel analogs of diallyl disulfide, an active principle of garlic, 2016
